| 000 | 02032nam a2200517Ii 4500 | ||
|---|---|---|---|
| 001 | DIGCOLMX0324 | ||
| 003 | NyNyDIG | ||
| 007 | cr ||||||||||| | ||
| 008 | 220203s2015 mx ob 000 0 spa d | ||
| 006 | m o d | ||
| 035 | _a(OCoLC)1319851573 | ||
| 040 |
_aDGITA _beng _erda _epn _cDGITA |
||
| 020 |
_a9786074628296 _qeBook |
||
| 020 | _z9786074626445 | ||
| 043 | _acl----- | ||
| 050 | 1 | 4 | _aHG285.L29 ebook |
| 082 | 1 | 4 | _a338.2742098 |
| 245 | 0 | 0 |
_aOro y plata en los inicios de la economía global : _bde las minas a la moneda / _cBernd Hausberger y Antonio Ibarra (coords.). |
| 250 | _aPrimera edición electrónica. | ||
| 264 | 1 |
_aMéxico, D.F. : _bEl Colegio de México, _c2015. |
|
| 300 | _a1 online resource. | ||
| 336 |
_atext _btxt _2rdacontent |
||
| 337 |
_acomputer _bc _2rdamedia |
||
| 338 |
_aonline resource _bcr _2rdacarrier |
||
| 347 |
_atext file _2rdaft |
||
| 347 | _bEPUB | ||
| 500 | _a"Centro de Estudios Históricos." | ||
| 504 | _aIncludes bibliographical references. | ||
| 588 | 0 | _aOnline resource; title from ePub title page (Digitalia, viewed February 3, 2021) | |
| 650 | 0 |
_aPrecious metals _zLatin America _xHistory. |
|
| 650 | 0 |
_aGold _zLatin America _xHistory. |
|
| 650 | 0 |
_aSilver _zLatin America _xHistory. |
|
| 650 | 0 |
_aGold mines and mining _zLatin America _xHistory. |
|
| 650 | 0 |
_aSilver mines and mining _zLatin America _xHistory. |
|
| 650 | 0 |
_aMoney _zLatin America _xHistory. |
|
| 650 | 0 |
_aGlobalization _xEconomic aspects _xHistory. |
|
| 655 | 0 | _aElectronic books. | |
| 700 | 1 |
_aHausberger, Bernd, _eeditor. |
|
| 700 | 1 |
_aIbarra, Antonio, _eeditor. |
|
| 791 | 2 |
_aDigitalia (Firm), _edistributor. |
|
| 793 | 0 |
_gDigitalia eBook Collection: _aEl Colegio de México |
|
| 776 | 0 | 8 |
_iPrint version: _tOro y plata en los inicios de la economía global. _bPrimera edición. _dMéxico, D.F. : El Colegio de México, 2014 _z9786074626445 |
| 856 | 4 | 0 |
_3Digitalia Hispánica _uhttps://www.digitaliapublishing.com/a/105685/ |
| 910 | _aPremium collection: 2022 | ||
| 942 | _cRAA | ||
| 999 |
_c271523 _d271523 |
||